[Event "FINAL MISTRZOSTW POLSKI JUNIOROW 2018 - GRUPA  C18"]
[Site "Jastrzebia Gora"]
[Date "1899-12-30"]
[Round "2.12"]
[White "Slomczewski, Michal"]
[Black "Koloczek, Maciej"]
[Result "0-1"]
[WhiteTitle "I+"]
[BlackTitle "I"]
[WhiteElo "2045"]
[BlackElo "1864"]

1. c4 Nf6 2. Nc3 g6 3. d4 Bg7 4. e4 d6 5. f3 O-O 6. Be3 e5 7. d5 Nh5 8. Qd2 Qh4+
9. Bf2 Qe7 10. g3 f5 11. Bd3 Nd7 12. exf5 gxf5 13. Nge2 Nc5 14. Bc2 a5 15. Rb1
e4 16. f4 Bd7 17. b3 Rae8 18. Nd1 Nf6 19. Ne3 Ng4 20. Nxg4 fxg4 21. Qe3 Bf5 22.
O-O Nd3 23. Nd4 Bxd4 24. Qxd4 Nb4 25. Rb2 Nxc2 26. Rxc2 e3 27. Be1 e2 28. Bc3
Qe3+ 0-1

[Event "FINAL MISTRZOSTW POLSKI JUNIOROW 2018 - GRUPA  C18"]
[Site "Jastrzebia Gora"]
[Date "1899-12-30"]
[Round "2.13"]
[White "Kupiecki, Szymon"]
[Black "Kus, Aleksander"]
[Result "0-1"]
[WhiteTitle "I"]
[BlackTitle "k"]
[WhiteElo "1827"]
[BlackElo "2009"]

1. e4 e6 2. d4 d5 3. Nd2 h6 4. Ngf3 Nf6 5. e5 Nfd7 6. Bd3 c5 7. c3 Nc6 8. Bb1 b6
9. O-O g5 10. g4 Qc7 11. a3 Bb7 12. b4 c4 13. Ne1 O-O-O 14. Qf3 f6 15. exf6 Bd6
16. h3 Rdf8 17. f7 e5 18. Qxd5 exd4 19. Ne4 Bh2+ 20. Kg2 Nxb4 21. Qe6 Bd5 22.
Qf5 Rxf7 23. Qg6 Ne5 24. Qh5 Nbd3 25. Bxd3 Nxd3 26. f3 Bxe4 0-1

[Event "FINAL MISTRZOSTW POLSKI JUNIOROW 2018 - GRUPA  C18"]
[Site "Jastrzebia Gora"]
[Date "1899-12-30"]
[Round "2.15"]
[White "Jordan, Adam"]
[Black "Kaminski, Maciej"]
[Result "1-0"]
[WhiteTitle "I"]
[BlackTitle "I++"]
[WhiteElo "1748"]
[BlackElo "1957"]

1. d4 Nf6 2. Nf3 g6 3. c4 Bg7 4. Nc3 O-O 5. e4 d6 6. Be2 e5 7. d5 a5 8. O-O Na6
9. Ne1 Nc5 10. Qc2 Qe7 11. h3 Ne8 12. Nd3 f5 13. Nxc5 dxc5 14. Bf3 Nd6 15. Nb5
f4 16. b3 g5 17. Qe2 a4 18. Bd2 Nxb5 19. cxb5 b6 20. b4 Bd7 21. Bg4 Be8 22. Rfc1
Rf6 23. bxc5 bxc5 24. Qc4 h5 25. Be6+ Bf7 26. Bxf7+ Qxf7 27. Qxc5 Rc8 28. Rab1
Bf8 29. Qc4 g4 30. b6 gxh3 31. Rc3 Rb8 32. b7 Qg6 33. Rxh3 f3 34. Rg3 h4 35. Rxg6+
Rxg6 36. d6+ 1-0

[Event "FINAL MISTRZOSTW POLSKI JUNIOROW 2018 - GRUPA  C18"]
[Site "Jastrzebia Gora"]
[Date "1899-12-30"]
[Round "2.16"]
[White "Swider, Pawel"]
[Black "Raclawicki, Kacper"]
[Result "1-0"]
[WhiteTitle "I"]
[BlackTitle "I"]
[WhiteElo "1941"]
[BlackElo "1738"]

1. d4 Nf6 2. Nf3 g6 3. c4 Bg7 4. Nc3 d5 5. e3 O-O 6. Bd3 dxc4 7. Bxc4 c5 8. O-O
cxd4 9. Nxd4 a6 10. h3 Qc7 11. Qe2 b5 12. Bb3 Bb7 13. Bd2 e5 14. Nf3 Nc6 15. Rac1
Rad8 16. Rfd1 Qe7 17. Be1 e4 18. Nd4 Ne5 19. Bc2 Nc4 20. Bb3 Ne5 21. Bc2 Rd7 22.
a3 Rfd8 23. Bb1 Bh6 24. Na2 Nc4 25. Bb4 Qe8 26. b3 Ne5 27. Ba5 Rc8 28. Rxc8 Bxc8
29. Nb4 Bb7 30. Rd2 Nd5 31. Nxd5 Bxd5 32. Qd1 Bb7 33. Bc3 Bg7 34. Ne2 Rxd2 35.
Qxd2 Qd7 36. Qxd7 Nxd7 37. Bxg7 Kxg7 38. Nc3 f5 39. Kf1 Nb6 40. Ke2 Kf6 41. h4
Bc8 42. Bc2 Be6 43. Kd2 Ke5 44. g3 Bf7 45. Ne2 Nd5 46. Nd4 Kd6 47. Bd1 Nf6 48.
Be2 Kc5 49. Kc3 Nd5+ 50. Kb2 h5 51. b4+ Kb6 52. Nb3 Nc7 53. Na5 Ne8 54. Kc3 Nf6
55. Kd4 Nd7 56. Bd1 Kc7 57. f3 exf3 58. Bxf3 Kd6 59. Nb7+ Kc7 60. Nc5 Nxc5 61.
Kxc5 Be6 62. Bc6 Bb3 63. Be8 1-0

[Event "FINAL MISTRZOSTW POLSKI JUNIOROW 2018 - GRUPA  C18"]
[Site "Jastrzebia Gora"]
[Date "1899-12-30"]
[Round "2.17"]
[White "Choina, Michal"]
[Black "Rak, Maciej"]
[Result "1-0"]
[WhiteTitle "I++"]
[BlackTitle "I"]
[WhiteElo "1906"]
[BlackElo "1694"]

1. c4 e6 2. g3 Nf6 3. Bg2 d5 4. d4 c5 5. cxd5 Nxd5 6. Nf3 Nc6 7. O-O Be7 8. dxc5
Bxc5 9. e4 Nde7 10. Qxd8+ Nxd8 11. Nc3 Bd7 12. Ne5 Bc6 13. Rd1 f6 14. Nxc6 Ndxc6
15. Bh3 Kf7 16. Nb5 e5 17. Be3 Nd4 18. Nxd4 exd4 19. Bxd4 Bxd4 20. Rxd4 Rhd8 21.
Rad1 Nc6 22. Rxd8 Rxd8 23. Rxd8 Nxd8 24. Bf1 Nc6 25. Bc4+ Ke7 26. Bd5 Nb4 27.
Bxb7 Nxa2 28. Kf1 Kd6 29. Ke2 Nb4 30. Ke3 Kc5 31. f4 Nc2+ 32. Kf3 Kd4 33. h3 a5
34. b3 Nb4 35. Kg4 g6 36. h4 Nd3 37. Kf3 h6 38. Bd5 g5 39. fxg5 fxg5 40. hxg5
hxg5 41. Kg4 Nf2+ 42. Kxg5 Nxe4+ 43. Bxe4 Kxe4 44. Kh5 Kd3 45. g4 Kc3 46. g5 Kxb3
47. g6 a4 48. g7 a3 49. g8=Q+ Kb2 50. Qg2+ Kb1 51. Qf1+ Kb2 52. Qe2+ Kb1 53. Qd1+
Kb2 54. Qd2+ Kb1 55. Qb4+ Ka2 56. Qc3 1-0

[Event "FINAL MISTRZOSTW POLSKI JUNIOROW 2018 - GRUPA  C18"]
[Site "Jastrzebia Gora"]
[Date "1899-12-30"]
[Round "3.1"]
[White "Gumularz, Szymon"]
[Black "Chylewski, Patryk"]
[Result "1-0"]
[WhiteTitle "FM"]
[BlackTitle "FM"]
[WhiteElo "2462"]
[BlackElo "2313"]

1. c4 e5 2. Nc3 Nf6 3. Nf3 Nc6 4. e3 Bb4 5. Qc2 O-O 6. Nd5 Bc5 7. Ng5 g6 8. Nxf6+
Qxf6 9. Ne4 Qe7 10. a3 a5 11. b3 d6 12. Bb2 Be6 13. Nxc5 dxc5 14. Bd3 f6 15. Be4
Qd7 16. d3 Rad8 17. O-O Bf5 18. Bd5+ Be6 19. Be4 Bf5 20. Bd5+ Be6 21. Bxc6 Qxc6
22. f4 Qd6 23. Rad1 exf4 24. Rxf4 Bf5 25. Qf2 Qc6 26. d4 Qb6 27. e4 Qxb3 28. Rf1
Qxc4 29. exf5 g5 30. Re4 cxd4 31. Rc1 1-0

[Event "FINAL MISTRZOSTW POLSKI JUNIOROW 2018 - GRUPA  C18"]
[Site "Jastrzebia Gora"]
[Date "1899-12-30"]
[Round "3.2"]
[White "Szustakowski, Antoni"]
[Black "Karpus, Michal"]
[Result "0-1"]
[WhiteTitle "FM"]
[BlackTitle "FM"]
[WhiteElo "2297"]
[BlackElo "2367"]

1. Nf3 d5 2. d4 Nf6 3. c4 e6 4. Nc3 Nbd7 5. Qc2 dxc4 6. e4 c5 7. dxc5 Bxc5 8. Bxc4
O-O 9. O-O Bd6 10. Rd1 Qe7 11. Bg5 a6 12. a4 Ne5 13. Be2 Nxf3+ 14. Bxf3 Rd8 15.
Qe2 h6 16. Be3 Be5 17. Qc4 Bd7 18. Bd4 Rac8 19. Qb3 Bxd4 20. Rxd4 Bc6 21. Rad1
Rxd4 22. Rxd4 e5 23. Rd1 Rd8 24. Qc4 Rxd1+ 25. Bxd1 Qd7 26. Qe2 Nxe4 27. Nxe4
Bxe4 28. Bb3 Qd4 29. h3 a5 30. Qb5 Bc6 31. Qe2 g6 32. Qc2 Kg7 33. Kh2 h5 34. f3
h4 35. Qe2 Qf4+ 36. Kg1 Kf6 37. Qc2 Qe3+ 38. Kh2 Qd4 39. Kh1 Ke7 40. Kh2 f5 41.
Qe2 Kf6 42. Qc2 g5 43. Qe2 e4 44. fxe4 Qxe4 45. Qd2 Qf4+ 46. Qxf4 gxf4 47. Kg1
Ke5 48. Kf2 Kd4 49. Bc2 Be4 0-1

[Event "FINAL MISTRZOSTW POLSKI JUNIOROW 2018 - GRUPA  C18"]
[Site "Jastrzebia Gora"]
[Date "1899-12-30"]
[Round "3.3"]
[White "Lukasiewicz, Krzysztof"]
[Black "Grela, Kacper"]
[Result "1/2-1/2"]
[WhiteTitle "k"]
[BlackTitle "FM"]
[WhiteElo "2209"]
[BlackElo "2321"]

1. e4 c5 2. Nf3 d6 3. d4 cxd4 4. Nxd4 Nf6 5. Nc3 Nc6 6. Bc4 e5 7. Nde2 Be6 8. Bb3
Be7 9. O-O O-O 10. Ng3 Na5 11. Bg5 Nc4 12. Bxf6 Bxf6 13. Nd5 Rc8 14. c3 Bg5 15.
Bxc4 Rxc4 16. Qd3 Rc5 17. Ne3 g6 18. Rfd1 Bxe3 19. Qxe3 Qe7 20. Rd2 Rd8 21. Rad1
b6 22. Qf3 Rc6 23. Ra1 Rc5 24. Rad1 Rc7 25. b3 a5 26. c4 a4 27. Nf1 axb3 28. axb3
b5 29. cxb5 Rb7 30. Ne3 Qg5 31. Nd5 Rxb5 32. Nc7 Bg4 33. Qg3 Rc5 34. h3 Rxc7 35.
Qxg4 Qxg4 36. hxg4 Rb7 37. Rd3 Kg7 38. g5 h6 39. gxh6+ Kxh6 40. Rxd6 1/2-1/2

[Event "FINAL MISTRZOSTW POLSKI JUNIOROW 2018 - GRUPA  C18"]
[Site "Jastrzebia Gora"]
[Date "1899-12-30"]
[Round "3.4"]
[White "Walter, Szymon"]
[Black "Kowalski, Igor"]
[Result "0-1"]
[WhiteTitle "k+"]
[BlackTitle "FM"]
[WhiteElo "2330"]
[BlackElo "2303"]

1. e4 e6 2. d4 d5 3. Nc3 Bb4 4. e5 Ne7 5. a3 Bxc3+ 6. bxc3 c5 7. Qg4 Qc7 8. Qxg7
Rg8 9. Qxh7 cxd4 10. Kd1 dxc3 11. Nf3 Nbc6 12. h4 Bd7 13. Bg5 O-O-O 14. Rh3 Qb6
15. Qd3 Qb2 16. Rc1 Qxa3 17. Bf6 Rg4 18. h5 Ra4 19. Rb1 Qa2 20. Qb5 Nb4 21. Qc5+
Nec6 22. Rc1 Qb2 23. Qe3 Na2 24. Rh4 d4 25. Nxd4 Nxc1 26. Nxc6 Bxc6+ 27. Bxd8
Ra1 0-1

[Event "FINAL MISTRZOSTW POLSKI JUNIOROW 2018 - GRUPA  C18"]
[Site "Jastrzebia Gora"]
[Date "1899-12-30"]
[Round "3.5"]
[White "Garbowski, Jakub"]
[Black "Koziol, Kamil"]
[Result "1/2-1/2"]
[WhiteTitle "k"]
[BlackTitle "FM"]
[WhiteElo "2112"]
[BlackElo "2262"]

1. e4 c5 2. Nf3 d6 3. d4 cxd4 4. Nxd4 Nf6 5. Nc3 a6 6. Be2 e5 7. Nb3 Be7 8. O-O
O-O 9. a4 Be6 10. Bf3 Nbd7 11. Re1 Rc8 12. Nd2 Nb6 13. Nf1 Qc7 14. Ne3 Rfd8 15.
Ncd5 Bxd5 16. exd5 g6 17. b3 Bf8 18. a5 Nbd7 19. Nc4 Bg7 20. Bb2 Rf8 21. Bg4 Nxg4
22. Qxg4 f5 23. Qd1 Nf6 24. Ra4 Rcd8 25. Rb4 Nd7 26. Kh1 Rb8 27. f4 e4 28. Bxg7
Kxg7 29. Qd4+ Nf6 30. Rb6 Rfd8 1/2-1/2

[Event "FINAL MISTRZOSTW POLSKI JUNIOROW 2018 - GRUPA  C18"]
[Site "Jastrzebia Gora"]
[Date "1899-12-30"]
[Round "3.6"]
[White "Hrymowicz, Artur"]
[Black "Sernecki, Franciszek"]
[Result "1/2-1/2"]
[WhiteTitle "I++"]
[BlackTitle "I+"]
[WhiteElo "2156"]
[BlackElo "2160"]

1. e4 c5 2. Nf3 e6 3. d4 cxd4 4. Nxd4 a6 5. c4 Nf6 6. Nc3 Qc7 7. Qf3 Nc6 8. Nxc6
dxc6 9. Be2 Be7 10. O-O O-O 11. Rd1 e5 12. Qg3 Re8 13. Bh6 Bf8 14. Bg5 Be7 15.
a3 Be6 16. b4 a5 17. Rac1 Red8 18. Bxf6 Bxf6 19. Nd5 Bxd5 20. cxd5 axb4 21. axb4
Qb6 22. dxc6 bxc6 23. Rxd8+ Rxd8 24. Qc3 Rd6 25. g3 h6 26. Qc5 Qxc5 27. Rxc5 Kf8
28. Kg2 g6 29. f4 exf4 30. gxf4 Bd4 31. Rc4 f6 32. Kf3 Ke7 1/2-1/2

[Event "FINAL MISTRZOSTW POLSKI JUNIOROW 2018 - GRUPA  C18"]
[Site "Jastrzebia Gora"]
[Date "1899-12-30"]
[Round "3.8"]
[White "Kus, Aleksander"]
[Black "Zaleski, Lukasz"]
[Result "1/2-1/2"]
[WhiteTitle "k"]
[BlackTitle "k"]
[WhiteElo "2009"]
[BlackElo "2132"]

1. e4 e6 2. d4 d5 3. Nd2 Nf6 4. e5 Nfd7 5. c3 c5 6. Bd3 Nc6 7. Ne2 cxd4 8. cxd4
f6 9. exf6 Nxf6 10. Nf3 Bd6 11. O-O O-O 12. Bf4 Bxf4 13. Nxf4 Ne4 14. Qc1 Ng5
15. Nxg5 Qxg5 16. Ne2 Qf6 17. Qd2 Bd7 18. Bb5 Nb8 19. a4 Bc6 20. Qb4 a6 21. Bd3
Nd7 22. f4 Rfe8 23. b3 Qf8 24. Qd2 Qd6 25. Rac1 Rac8 26. Bb1 Nf6 27. Bd3 Bd7 28.
Rxc8 Rxc8 29. Rc1 Rc6 30. Rxc6 Bxc6 31. h3 Bd7 32. Qc2 1/2-1/2

[Event "FINAL MISTRZOSTW POLSKI JUNIOROW 2018 - GRUPA  C18"]
[Site "Jastrzebia Gora"]
[Date "1899-12-30"]
[Round "3.9"]
[White "Klepek, Witold"]
[Black "Swider, Pawel"]
[Result "1/2-1/2"]
[WhiteTitle "k"]
[BlackTitle "I"]
[WhiteElo "2126"]
[BlackElo "1941"]

1. e4 c6 2. d4 d5 3. f3 e6 4. Nc3 Bb4 5. Bf4 Nf6 6. Qd3 a6 7. Nge2 c5 8. O-O-O
Nc6 9. Bg5 Bxc3 10. bxc3 dxe4 11. fxe4 Qa5 12. Kb1 c4 13. Qe3 Nxe4 14. Qxe4 Qxg5
15. d5 Qe5 16. Qxc4 exd5 17. Qxd5 Qxd5 18. Rxd5 Be6 19. Rd1 Ke7 20. Nf4 Rhd8 21.
Bd3 h6 22. Rhe1 g5 23. Nxe6 fxe6 24. Re3 Rd6 25. Rde1 Rf8 26. Kb2 Rf2 27. R3e2
Rxe2 28. Rxe2 Nb8 29. c4 Nd7 30. Kc3 Nc5 31. Re3 Kf6 32. Rh3 Kg7 33. Rf3 b6 34.
g3 a5 35. h4 Rd8 36. Rf1 Rf8 37. hxg5 hxg5 38. Kd4 Rxf1 39. Bxf1 Kf6 40. Bh3 Ke7
41. Bg4 Kd6 42. Bf3 e5+ 43. Ke3 Ke6 44. Bg4+ Kf6 45. Bh3 Na4 46. Bd7 Nc5 47. Bg4
Kg6 48. Bc8 1/2-1/2

[Event "FINAL MISTRZOSTW POLSKI JUNIOROW 2018 - GRUPA  C18"]
[Site "Jastrzebia Gora"]
[Date "1899-12-30"]
[Round "3.10"]
[White "Choina, Michal"]
[Black "Raczynski, Krzysztof"]
[Result "1/2-1/2"]
[WhiteTitle "I++"]
[BlackTitle "k+"]
[WhiteElo "1906"]
[BlackElo "2124"]

1. e4 c5 2. Nf3 d6 3. d4 cxd4 4. Nxd4 Nf6 5. Nc3 a6 6. Be3 e5 7. Nb3 Be6 8. Be2
Be7 9. O-O O-O 10. Qd2 Nbd7 11. Rad1 b5 12. f3 Nb6 13. Bxb6 Qxb6+ 14. Kh1 Rac8
15. Nd5 Nxd5 16. exd5 Bf5 17. Bd3 Bxd3 18. Qxd3 Bg5 19. Nd2 f5 20. b3 Qa5 21.
c4 Qxa2 22. cxb5 axb5 23. g3 Rc2 24. f4 e4 25. Qe3 Bf6 26. Rf2 Qb2 27. Rb1 Qd4
28. Qxd4 Bxd4 29. Rg2 Rfc8 30. h3 Be3 31. Nc4 Rxg2 32. Nxe3 Rxg3 33. Nxf5 Rxh3+
34. Kg2 Rcc3 35. Re1 Rhd3 36. Nxd6 Rc2+ 37. Kg1 e3 38. Nf5 e2 39. Kf2 g6 40. Rxe2
Rxe2+ 41. Kxe2 Rxb3 42. d6 Rb2+ 43. Ke3 Rb3+ 44. Ke2 Rb2+ 45. Ke3 1/2-1/2

[Event "FINAL MISTRZOSTW POLSKI JUNIOROW 2018 - GRUPA  C18"]
[Site "Jastrzebia Gora"]
[Date "1899-12-30"]
[Round "3.11"]
[White "Koloczek, Maciej"]
[Black "Woloch, Oskar"]
[Result "0-1"]
[WhiteTitle "I"]
[BlackTitle "k"]
[WhiteElo "1864"]
[BlackElo "2107"]

1. e4 d6 2. d4 Nf6 3. Nc3 e5 4. Nf3 Nbd7 5. Bc4 Be7 6. O-O O-O 7. Re1 c6 8. a4
a5 9. Ba2 Qc7 10. h3 h6 11. Qd3 exd4 12. Qxd4 Ne5 13. Nd2 Nh5 14. Nc4 Nxc4 15.
Qxc4 Be6 16. Nd5 Bxd5 17. exd5 Nf6 18. dxc6 bxc6 19. Bf4 Qd7 20. Rad1 d5 21. Qe2
Bc5 22. Be5 Qf5 23. Bxf6 Qxf6 24. c3 Qf4 25. Qc2 h5 26. Bb1 g6 27. Qd2 Qxa4 28.
Qh6 Ra7 29. Rd2 Qh4 30. Rde2 Qf6 31. Bd3 a4 32. c4 a3 33. bxa3 Rxa3 34. Rd1 Bd6
35. Qc1 Rfa8 36. Rb2 Qe5 37. g3 h4 38. Re2 Qf6 39. Kg2 hxg3 40. cxd5 gxf2 41.
Rxf2 Ra2 42. Qe3 Rxf2+ 43. Qxf2 Qg5+ 44. Kh1 Qh5 45. Rf1 Qxh3+ 46. Kg1 Qg4+ 47.
Qg2 Qd4+ 48. Qf2 Qxd5 49. Be4 Bc5 0-1

[Event "FINAL MISTRZOSTW POLSKI JUNIOROW 2018 - GRUPA  C18"]
[Site "Jastrzebia Gora"]
[Date "1899-12-30"]
[Round "3.12"]
[White "Wyczling, Bartosz"]
[Black "Dryja, Szymon"]
[Result "1-0"]
[WhiteTitle "k"]
[BlackTitle "I++"]
[WhiteElo "2103"]
[BlackElo "1896"]

1. d4 Nf6 2. c4 d6 3. Nc3 e5 4. d5 Bf5 5. Bg5 e4 6. Bxf6 Qxf6 7. e3 Nd7 8. Nge2
Qe7 9. Ng3 Bg6 10. Qd4 Nf6 11. Be2 a6 12. Bd1 Qe5 13. Qxe5+ dxe5 14. a3 Bd6 15.
Bc2 O-O 16. Bxe4 Nxe4 17. Ngxe4 Be7 18. O-O f5 19. Nd2 e4 20. Rac1 Rab8 21. Nb3
Bf7 22. Nd4 g6 23. Rfd1 Rfd8 24. Nce2 Bd6 25. h3 h5 26. f3 exf3 27. gxf3 Re8 28.
Kf2 Kh7 29. Nc3 Be7 30. e4 Bh4+ 31. Kg2 fxe4 32. fxe4 Re5 33. Nf3 Bf6 34. Nxe5
Bxe5 35. Rf1 Kg7 36. Rf3 b5 37. cxb5 axb5 38. b4 Rb7 39. Nd1 Ra7 40. Rc2 Bd6 41.
Rd3 g5 42. Kf3 h4 43. Ne3 Bg6 44. Nf5+ Bxf5 45. exf5 Bf4 46. Rc5 Rb7 47. Kg4 Rb8
48. Rc6 Re8 49. Re6 Rd8 50. Rg6+ Kf7 51. Rxg5 Bxg5 52. Kxg5 1-0

[Event "FINAL MISTRZOSTW POLSKI JUNIOROW 2018 - GRUPA  C18"]
[Site "Jastrzebia Gora"]
[Date "1899-12-30"]
[Round "3.13"]
[White "Jarzebowski, Kacper"]
[Black "Jordan, Adam"]
[Result "1/2-1/2"]
[WhiteTitle "I++"]
[BlackTitle "I"]
[WhiteElo "1914"]
[BlackElo "1748"]

1. d3 d5 2. Nf3 Nf6 3. g3 c5 4. Bg2 e6 5. Nbd2 Nc6 6. O-O Be7 7. e4 O-O 8. Re1
Qc7 9. exd5 exd5 10. Nf1 b6 11. d4 Bb7 12. Ne3 Rad8 13. Nf5 Ne4 14. Bf4 Qc8 15.
Bh3 Kh8 16. Kg2 Bf6 17. Ne5 Bxe5 18. dxe5 f6 19. Nd6 Qxh3+ 20. Kxh3 Nxf2+ 21.
Kg2 Nxd1 22. Nxb7 Rd7 23. Raxd1 fxe5 24. Nxc5 bxc5 25. Bxe5 Kg8 26. Bf4 h6 27.
h4 Rf6 28. Re8+ Kf7 29. Rc8 Re6 30. Rd2 d4 31. Rf2 Kg6 32. g4 c4 33. Rh8 Rf6 34.
h5+ Kf7 35. Rc8 d3 36. cxd3 cxd3 37. Rc7 Rxc7 38. Bxc7 Ke6 39. Rd2 Rf7 40. Bg3
Rd7 41. Kf3 Ne5+ 42. Bxe5 Kxe5 43. Ke3 Rd4 44. Rxd3 Rxg4 45. Rd7 a6 46. Ra7 Rg2
47. b4 Rxa2 48. b5 a5 49. b6 a4 50. Ra5+ Kd6 51. Ra7 Ke5 52. Rxg7 1/2-1/2

[Event "FINAL MISTRZOSTW POLSKI JUNIOROW 2018 - GRUPA  C18"]
[Site "Jastrzebia Gora"]
[Date "1899-12-30"]
[Round "3.14"]
[White "Bilczewski, Kacper"]
[Black "Kupiecki, Szymon"]
[Result "1-0"]
[WhiteTitle "k+"]
[BlackTitle "I"]
[WhiteElo "2161"]
[BlackElo "1827"]

1. e4 e5 2. Nf3 Nc6 3. d3 Bc5 4. g3 d6 5. Bg2 Nf6 6. O-O O-O 7. Nbd2 Be6 8. c3
Qc8 9. b4 Bb6 10. a4 a6 11. Ba3 Bh3 12. Nc4 Ba7 13. b5 Bxg2 14. Kxg2 Ne7 15. b6
Bxb6 16. Nxb6 cxb6 17. Bxd6 Re8 18. Bxe5 Ng6 19. Bd4 Qc6 20. Qb3 b5 21. axb5 axb5
22. Rxa8 Rxa8 23. Rb1 Qd7 24. h3 1-0

[Event "FINAL MISTRZOSTW POLSKI JUNIOROW 2018 - GRUPA  C18"]
[Site "Jastrzebia Gora"]
[Date "1899-12-30"]
[Round "3.15"]
[White "Bojczewski, Rafal"]
[Black "Slomczewski, Michal"]
[Result "0-1"]
[WhiteTitle "I+"]
[BlackTitle "I+"]
[WhiteElo "1790"]
[BlackElo "2045"]

1. e4 c5 2. Nf3 e6 3. d4 cxd4 4. Nxd4 Nc6 5. c4 Nf6 6. Nc3 Bb4 7. Nxc6 bxc6 8.
Bd3 Qc7 9. O-O e5 10. Bg5 Be7 11. b3 O-O 12. Be3 d6 13. h3 Rd8 14. Qf3 Be6 15.
Rac1 Qb7 16. Rfd1 Nd7 17. Qg3 f6 18. Bc2 Nb6 19. f4 Bf8 20. fxe5 dxe5 21. Rf1
Kh8 22. Rcd1 Nxc4 23. bxc4 Qb2 24. Ba4 Qxc3 25. Bxc6 Bc5 26. Rde1 Bxc4 27. Rf3
Be2 28. Rxe2 Bxe3+ 29. Rfxe3 Qxc6 30. Rc3 Qb6+ 31. Kh2 Rd1 32. Qf2 Qxf2 33. Rxf2
Rd7 34. Rfc2 Kg8 35. Kg3 Kf7 36. Kf3 Rb8 37. Rc7 Rb7 38. Rxd7+ Rxd7 39. Ke3 Kg6
40. Rc6 Kg5 41. g3 h5 42. Rc2 h4 43. g4 g6 44. Rc4 Rd1 45. Rc3 Rh1 0-1

[Event "FINAL MISTRZOSTW POLSKI JUNIOROW 2018 - GRUPA  C18"]
[Site "Jastrzebia Gora"]
[Date "1899-12-30"]
[Round "3.16"]
[White "Kaminski, Maciej"]
[Black "Raclawicki, Kacper"]
[Result "1-0"]
[WhiteTitle "I++"]
[BlackTitle "I"]
[WhiteElo "1957"]
[BlackElo "1738"]

1. e4 c5 2. Nf3 e6 3. d4 cxd4 4. Nxd4 Qb6 5. Be3 Bc5 6. Na3 a6 7. Nc4 Qc7 8. Qg4
g6 9. O-O-O e5 10. Nb3 d5 11. Qg3 Bxe3+ 12. Nxe3 d4 13. Rxd4 Nf6 14. Rc4 Nc6 15.
Nd5 Qd6 16. Nb6 Rb8 17. Nxc8 Rxc8 18. f3 O-O 19. Be2 Nh5 20. Qf2 Nf4 21. Rd1 Qe7
22. g3 Ne6 23. f4 f6 24. Kb1 b5 25. Rc3 Ncd4 26. Rxc8 Rxc8 27. Bd3 a5 28. Nxd4
Nxd4 29. c3 Ne6 30. Bxb5 Qb7 31. Bd7 Qxe4+ 32. Qc2 Qxc2+ 33. Kxc2 Nd4+ 34. Rxd4
1-0

[Event "FINAL MISTRZOSTW POLSKI JUNIOROW 2018 - GRUPA  C18"]
[Site "Jastrzebia Gora"]
[Date "1899-12-30"]
[Round "3.17"]
[White "Rak, Maciej"]
[Black "Janiszewski, Filip"]
[Result "0-1"]
[WhiteTitle "I"]
[BlackTitle "I++"]
[WhiteElo "1694"]
[BlackElo "1869"]

1. e4 c5 2. Nf3 d6 3. c3 Nf6 4. h3 g6 5. Bd3 Bg7 6. O-O O-O 7. Bc2 Nc6 8. d4 cxd4
9. cxd4 e5 10. d5 Ne7 11. Nc3 h6 12. a3 Ne8 13. Rb1 f5 14. Nd2 f4 15. Bd3 g5 16.
Be2 Nf6 17. Kh2 Ng6 18. g4 fxg3+ 19. fxg3 Qd7 20. Rf5 a6 21. Bg4 Nxg4+ 22. hxg4
Ne7 23. Nc4 Nxf5 24. gxf5 Qc7 25. Qd3 b5 26. Ne3 Bd7 27. Bd2 Rac8 28. Kg2 Qb6
29. Ne2 a5 30. b3 Kh7 31. Rf1 Bf6 32. Rh1 Rh8 33. g4 Rc7 34. Kf3 Bc8 35. b4 axb4
36. Bxb4 Bd7 37. Nc1 Kg7 38. Nb3 Qa6 39. Qd1 Rhc8 40. Qd3 Be7 41. Qd1 Qa4 42.
Rxh6 Kxh6 43. Qh1+ Kg7 44. Qh5 Be8 45. f6+ Bxf6 46. Nf5+ Kg8 47. Nh6+ Kf8 48.
Bxd6+ Re7 0-1

[Event "FINAL MISTRZOSTW POLSKI JUNIOROW 2018 - GRUPA  C18"]
[Site "Jastrzebia Gora"]
[Date "1899-12-30"]
[Round "4.1"]
[White "Karpus, Michal"]
[Black "Gumularz, Szymon"]
[Result "1/2-1/2"]
[WhiteTitle "FM"]
[BlackTitle "FM"]
[WhiteElo "2367"]
[BlackElo "2462"]

1. e4 Nf6 2. e5 Nd5 3. d4 d6 4. c4 Nb6 5. exd6 exd6 6. Nc3 Nc6 7. h3 Be7 8. Nf3
O-O 9. Bd3 Nb4 10. Be2 Bf5 11. O-O Nc2 12. Rb1 Nb4 13. Ra1 Nc2 14. Rb1 Nb4 15.
Ra1 1/2-1/2

[Event "FINAL MISTRZOSTW POLSKI JUNIOROW 2018 - GRUPA  C18"]
[Site "Jastrzebia Gora"]
[Date "1899-12-30"]
[Round "4.2"]
[White "Kowalski, Igor"]
[Black "Lukasiewicz, Krzysztof"]
[Result "1-0"]
[WhiteTitle "FM"]
[BlackTitle "k"]
[WhiteElo "2303"]
[BlackElo "2209"]

1. d4 d5 2. c4 e6 3. Nc3 Nf6 4. cxd5 exd5 5. Bg5 c6 6. e3 Be7 7. Bd3 Nbd7 8. Qc2
Nh5 9. Bxe7 Qxe7 10. O-O-O Nb6 11. h3 g6 12. g4 Ng7 13. Nf3 Be6 14. Kb1 O-O-O
15. Na4 Nxa4 16. Qxa4 Kb8 17. Rc1 Ne8 18. Rc3 Nd6 19. Rhc1 Nc8 20. Ra3 f6 21.
Nd2 g5 22. b4 Qc7 23. Nb3 Qb6 24. Nc5 Bd7 25. Qc2 h5 26. Rb3 Nd6 27. a4 hxg4 28.
hxg4 a5 29. bxa5 Qxa5 30. Nxd7+ Rxd7 31. Qxc6 Rhd8 32. Kb2 Rc7 33. Qxc7+ Qxc7
34. Rxc7 Kxc7 35. Rc3+ Kd7 36. Rc5 Ke6 37. Bc2 Nc4+ 38. Kc3 Rh8 39. Bb3 Rh2 40.
Bxc4 dxc4 41. Kxc4 Rxf2 42. Rb5 Rc2+ 43. Kd3 Rg2 44. Rb6+ Kf7 45. Rxb7+ Kg6 46.
a5 Rxg4 47. Rb1 Rh4 48. a6 Rh7 49. Ra1 Ra7 50. Ke4 g4 51. Kf4 f5 52. Ra5 Kh6 53.
Kxf5 g3 54. Ra1 Rf7+ 55. Ke4 g2 56. Rg1 Rf2 57. a7 Ra2 58. Rxg2 Rxa7 59. d5 1-0

[Event "FINAL MISTRZOSTW POLSKI JUNIOROW 2018 - GRUPA  C18"]
[Site "Jastrzebia Gora"]
[Date "1899-12-30"]
[Round "4.3"]
[White "Grela, Kacper"]
[Black "Szustakowski, Antoni"]
[Result "1/2-1/2"]
[WhiteTitle "FM"]
[BlackTitle "FM"]
[WhiteElo "2321"]
[BlackElo "2297"]

1. e4 e5 2. Nf3 Nc6 3. Bb5 a6 4. Ba4 d6 5. c3 Bd7 6. O-O g6 7. d4 Bg7 8. Re1 Nf6
9. Bc2 O-O 10. Bg5 Bg4 11. dxe5 dxe5 12. Nbd2 Qe7 13. Nc4 Rad8 14. Qe2 h6 15.
Bh4 Qc5 16. Ne3 Be6 17. Rad1 Ne7 18. a3 c6 19. Nd2 Kh7 20. Qf3 Neg8 21. Nb1 Qe7
22. b4 h5 23. Nd2 Bh6 24. h3 Bf4 25. Nb3 b6 26. Nc1 g5 27. Bg3 Nh6 28. Nf5 Qc7
29. Bxf4 gxf4 30. Nd3 Nxf5 31. exf5 Bd5 32. Qe2 e4 33. Nxf4 Qxf4 34. c4 Qxf5 35.
cxd5 cxd5 36. f3 Rde8 37. fxe4 dxe4 38. Rd6 Re6 39. Rxe6 Qxe6 40. Qxa6 Re8 41.
Qe2 Qe5 42. Qe3 b5 43. a4 bxa4 44. Bxa4 Rc8 45. Rf1 Kg7 46. Bd1 Rc3 47. Qf2 e3
48. Qf3 Rc1 49. b5 Rb1 50. Be2 Rb2 1/2-1/2

[Event "FINAL MISTRZOSTW POLSKI JUNIOROW 2018 - GRUPA  C18"]
[Site "Jastrzebia Gora"]
[Date "1899-12-30"]
[Round "4.4"]
[White "Chylewski, Patryk"]
[Black "Garbowski, Jakub"]
[Result "1-0"]
[WhiteTitle "FM"]
[BlackTitle "k"]
[WhiteElo "2313"]
[BlackElo "2112"]

1. d4 Nf6 2. c4 g6 3. Nc3 d5 4. Bf4 Bg7 5. Rc1 Nh5 6. Bg5 h6 7. Bd2 c5 8. e3 cxd4
9. exd4 dxc4 10. d5 O-O 11. Bxc4 Nd7 12. Nf3 Nb6 13. Bb3 Nf6 14. Bf4 Bf5 15. O-O
Rc8 16. Re1 Re8 17. h3 Nc4 18. Bxc4 Rxc4 19. Qd2 g5 20. Be5 e6 21. b3 Rc8 22.
d6 Nd7 23. Bxg7 Kxg7 24. Nb5 Qb6 25. Nfd4 Bg6 26. Nc7 Red8 27. Ndxe6+ fxe6 28.
Nxe6+ Kh7 29. Qb2 Rg8 30. Rxc8 1-0

[Event "FINAL MISTRZOSTW POLSKI JUNIOROW 2018 - GRUPA  C18"]
[Site "Jastrzebia Gora"]
[Date "1899-12-30"]
[Round "4.5"]
[White "Koziol, Kamil"]
[Black "Wyczling, Bartosz"]
[Result "0-1"]
[WhiteTitle "FM"]
[BlackTitle "k"]
[WhiteElo "2262"]
[BlackElo "2103"]

1. d4 Nf6 2. Bg5 Ne4 3. h4 c5 4. d5 Qb6 5. Nd2 Nxd2 6. Bxd2 e5 7. Bc3 d6 8. e4
Be7 9. f4 exf4 10. Qd2 O-O 11. O-O-O Qd8 12. Qxf4 Nd7 13. Nf3 Bf6 14. Bxf6 Qxf6
15. Qg3 b5 16. Qg5 a6 17. c3 Re8 18. Bd3 h6 19. Qd2 Ne5 20. Nxe5 Rxe5 21. Rdf1
Qe7 22. Rf4 c4 23. Bc2 Bd7 24. Qf2 a5 25. g4 f6 26. Rf1 Be8 27. g5 hxg5 28. hxg5
Rxg5 29. Rh4 Qe5 30. Bd1 Bd7 31. Rfh1 Kf7 32. Qb6 Ke7 33. Rh8 Qf4+ 34. Kb1 Rxh8
35. Rxh8 Qxe4+ 36. Kc1 Qf4+ 37. Kb1 Bf5+ 0-1